00269 a2200109 4500003000500000005001700005040000900022082001100031245004800042440004800090538002100138Nust20170207154233.0 cNust a371.33 aWhats The Modern Army Really Like (VHS-582) aWhats The Modern Army Really Like (VHS-582) aDuration 85-Mins